Arnaud ou Félicien ?? - Statistiques

Statistiques générales
  • Ce quiz a été pris 7 fois
  • Le résultat moyen est 15 sur 20
Statistiques - réponses
Question Réponse % Correct
est excellent en mathématique Arnaud
100%
A un père nommé benoit Arnaud
100%
A une mère professeure des écoles Arnaud
100%
Se la donne à 10 000 % lors des brésiliennes Arnaud
100%
A du buzz avec les meufs Aucun des deux
100%
A des origines serbes Aucun des deux
100%
Possède la mononucleose Aucun des deux, ils n'ont aucun buzz avec les meufs. Cependant Jules Rautureau la possède bel et bien
100%
possède un PAP pour le bac Félicien
100%
Est juif Joshua
100%
Était en 105 lors de l'année de première. Les deux
100%
S'urine dessus lorsque son père le met au coin Arnaud
67%
pratique le football depuis plus de 2 ans Félicien
67%
N'a jamais eu de meuf Félicien
67%
Est né en premier Félicien
67%
possède un QI supérieur à 130 Les deux
67%
Est un pratiquant d'échecs Les deux
67%
Peut se montrer terriblement violent dans certaines circonstances Arnaud
33%
Est excellent pour imiter un sigma Arnaud
33%
Est fier de son appartenance aux frères musulmans Arnaud
33%
Est un véritable dieu Félicien
0%
Aucun quiz correspondant
Distribution des résultats
% des personnes avec chaque résultat
Percentile par nombre de réponses
Votre historique - résultats
Vous n’avez pas pris ce quiz